Most famous british and irish players in La Liga - Statistics

General Stats
  • This quiz has been taken 129 times
  • The average score is 7 of 18
Answer Stats
Team (s) Years Country Player % Correct
Real Madrid 2013- Wales Gareth Bale
94%
Real Madrid 2003-2007 England David Beckham
86%
Real Madrid 2004-2005 England Michael Owen
83%
Real Madrid 1999-2003 England Steve McManaman
68%
Barcelona 1986-1989 England Gary Lineker
64%
Real Madrid 2005-2006 England Jonathan Woodgate
61%
Barcelona 1986-1987 Wales Mark Hughes
42%
Levante 2004-2007 Ireland Ian Harte
27%
Zaragoza 2009-2010 England Jermaine Pennant
22%
Barcelona 1984-1987 Scotland Steve Archibald
21%
Osasuna 1986-1989 England Michael Robinson
18%
Real Sociedad 1989-1991 England John Aldridge
17%
Real Madrid, Sporting de Gijon 1979-1984 England Laurie Cunningham
16%
Español 2008-2009 Ireland Steve Finnan
13%
Las Palmas 2000-2003 England Vinny Samways
12%
Oviedo 2000-2001 England Stan Collymore
11%
Sporting de Gijon 1986-1989 Ireland Kevin Moran
9%
Osasuna 1987-1989 England Sammy Lee
6%
No matching quizzes found
Score Distribution
Percent of People with Each Score
Percentile by Number Answered
Your Score History
You have not taken this quiz